Loreto College Library, Kolkata
WEBOPAC (ONLINE PUBLIC ACCESS CATALOGUE)

Masters of political thought (Record no. 262)

MARC details
000 -LEADER
fixed length control field 00761nam a2200241Ia 4500
008 - FIXED-LENGTH DATA ELEMENTS--GENERAL INFORMATION
fixed length control field 131103s9999 xx 000 0 und d
040 ## - CATALOGING SOURCE
Original cataloging agency Loreto College
041 ## - LANGUAGE CODE
Language code English
082 ## - DDC | ডিউই
Classification number | বর্গসংখ্যা 320.01(w)/JON
Book Number | গ্রন্থাঙ্ক LCLIB
100 ## - MAIN ENTRY--PERSONAL NAME | মুখ্য সংলেখ - ব্যাক্তিনাম
Personal name | ব্যাক্তিনাম Jones, W. T.
245 ## - TITLE STATEMENT | অাখ্যা বিবরণী
Title | অাখ্যা Masters of political thought
Sub title | উপঅাখ্যা Machiavelli to Bentham
Statement of responsibility | লেখকের দায়িত্বের বিবরণ by W. T. Jones; edited by Edward McChesney Sait
260 ## - IMPRINT | প্রকাশনা ক্ষেত্র
Place of publication | প্রকাশ স্থান London
Name of publisher | প্রকাশকের নাম Harap
Date of publication | প্রকাশ কাল 1947(!957 printing)
300 ## - PHYSICAL DESCRIPTION |
Page / Vol. No | পৃষ্ঠা / খন্ড সংখ্যা v.2
504 ## - BIBLIOGRAPHY, ETC. NOTE
Bibliography, etc Includes bibliographical references and index
630 ## - SUBJECT ADDED ENTRY--UNIFORM TITLE
Uniform title Political Thought
630 ## - SUBJECT ADDED ENTRY--UNIFORM TITLE
Uniform title Politics
630 ## - SUBJECT ADDED ENTRY--UNIFORM TITLE
Uniform title Western-Political Thought
650 ## - SUBJECT ADDED ENTRY--TOPICAL TERM | বিষয় শিরোনাম - মূল বিষয়
Topical term | মূল বিষয় Political Science
651 ## - SUBJECT ADDED ENTRY--GEOGRAPHIC NAME | বিষয় শিরোনাম - ভৌগলিক নাম
Geographic name | ভৌগলিক বিষয় Machiavelli,Bentham
700 ## - ADDED ENTRY--PERSONAL NAME | অতিরিক্ত সংলেখ - ব্
Personal name | ব্যাক্তিনাম Sait, Edward McChesney, ed.
850 ## - HOLDING INSTITUTION
Holding institution LCLIB/320.01(w)/JON
942 ## - ADDED ENTRY ELEMENTS (KOHA)
Koha item type Books
Holdings
Withdrawn status Lost status Damaged status Not for loan Home library Current library Date acquired Total Checkouts Full call number Accession No. Date last seen Price effective from Koha item type
        Loreto College Loreto College 04/11/2013   320.01(w)/JON LCLIB B271 04/11/2013 04/11/2013 Books